Municipalities in Sogn og Fjordane, Norway - Statistics

General Stats
  • This quiz has been taken 46 times
  • The average score is 14 of 26
Answer Stats
Population Municipalities % Correct
8 059 Sogndal
92%
13 089 Førde
90%
2 153 Lærdal
74%
1 778 Aurland
67%
5 223 Luster
67%
5 277 Årdal
64%
11 988 Flora
64%
7 195 Stryn
64%
2 674 Vik
59%
1 262 Balestrand
56%
4 154 Høyanger
56%
2 345 Leikanger
54%
2 345 Gulen
51%
5 874 Gloppen
49%
6 157 Eid
46%
3 043 Jølster
46%
3 767 Bremanger
44%
6 001 Vågsøy
41%
3 052 Askvoll
38%
2 757 Selje
38%
807 Solund
38%
2 846 Fjaler
36%
1 175 Hornindal
36%
2 825 Naustdal
33%
3 006 Gaular
31%
1 378 Hyllestad
31%
No matching quizzes found
Score Distribution
Percent of People with Each Score
Percentile by Number Answered
Your Score History
You have not taken this quiz